Measuring Technology Maturity Operationalizing Information from Patents, Scientific Publications, and the Web /

Till Albert presents a machine learning based approach to harnessing information contained in big data from different media sources such as patents, scientific publications, or the internet. He shows how this information can be used for automated maturity evaluation of yet unknown technologies. Elab...

Full description

Bibliographic Details
Main Author: Albert, Till (Author)
Corporate Author: SpringerLink (Online service)
Format: Electronic eBook
Language:English
Published: Wiesbaden : Springer Fachmedien Wiesbaden : Imprint: Springer Gabler, 2016.
Edition:1st ed. 2016.
Series:Forschungs-/Entwicklungs-/Innovations-Management
Subjects:
Online Access:Full Text via HEAL-Link
LEADER 03630nam a22005055i 4500
001 978-3-658-12132-7
003 DE-He213
005 20160123161102.0
007 cr nn 008mamaa
008 160122s2016 gw | s |||| 0|eng d
020 |a 9783658121327  |9 978-3-658-12132-7 
024 7 |a 10.1007/978-3-658-12132-7  |2 doi 
040 |d GrThAP 
050 4 |a HD28-70 
072 7 |a KJMV6  |2 bicssc 
072 7 |a PDG  |2 bicssc 
072 7 |a BUS087000  |2 bisacsh 
082 0 4 |a 658.514  |2 23 
100 1 |a Albert, Till.  |e author. 
245 1 0 |a Measuring Technology Maturity  |h [electronic resource] :  |b Operationalizing Information from Patents, Scientific Publications, and the Web /  |c by Till Albert. 
250 |a 1st ed. 2016. 
264 1 |a Wiesbaden :  |b Springer Fachmedien Wiesbaden :  |b Imprint: Springer Gabler,  |c 2016. 
300 |a XXIX, 311 p. 86 illus.  |b online resource. 
336 |a text  |b txt  |2 rdacontent 
337 |a computer  |b c  |2 rdamedia 
338 |a online resource  |b cr  |2 rdacarrier 
347 |a text file  |b PDF  |2 rda 
490 1 |a Forschungs-/Entwicklungs-/Innovations-Management 
505 0 |a Information Scattering in Different Text Media -- Identifying Text Media Suitable for Informetric Analyses and Deriving Relevant Indicator Values -- Using Machine Learning to Gauge the Maturity Classification Performance of a Set of Indicators -- Representation, Interpretation, and Utilization of Maturity Analysis Results. . 
520 |a Till Albert presents a machine learning based approach to harnessing information contained in big data from different media sources such as patents, scientific publications, or the internet. He shows how this information can be used for automated maturity evaluation of yet unknown technologies. Elaborate patent based indicators contain very useful information on technological aspects of maturity but lack for others such as social, economic, ecological, or political factors. The approach presented in this book is able to incorporate these other factors and provide a firm basis for robust technology maturity and speed of maturity evaluation. Contents Information Scattering in Different Text Media Identifying Text Media Suitable for Informetric Analyses and Deriving Relevant Indicator Values Using Machine Learning to Gauge the Maturity Classification Performance of a Set of Indicators Representation, Interpretation, and Utilization of Maturity Analysis Results Target Groups Researcher and students of Business Engineering, Informatics, and Mathematics Innovation Managers, Technology Managers, Business Intelligence Professionals, Future Researchers The Author Till Albert wrote this dissertation with Professor Martin G. Moehrle at the Institute of Project Management and Innovation (IPMI) of the University of Bremen. He now works in the area of data driven approaches to support innovation and technology management, such as patent analysis, scientometrics, webometrics, social network analysis, and combinations thereof. . 
650 0 |a Business. 
650 0 |a Management. 
650 0 |a Industrial management. 
650 0 |a Operations research. 
650 0 |a Decision making. 
650 1 4 |a Business and Management. 
650 2 4 |a Innovation/Technology Management. 
650 2 4 |a Operation Research/Decision Theory. 
710 2 |a SpringerLink (Online service) 
773 0 |t Springer eBooks 
776 0 8 |i Printed edition:  |z 9783658121310 
830 0 |a Forschungs-/Entwicklungs-/Innovations-Management 
856 4 0 |u http://dx.doi.org/10.1007/978-3-658-12132-7  |z Full Text via HEAL-Link 
912 |a ZDB-2-BUM 
950 |a Business and Management (Springer-41169)